| 000 | 01308nam a2200313 i 4500 | ||
|---|---|---|---|
| 001 | 000013989 | ||
| 003 | DO-SdBNP | ||
| 005 | 20250520120032.0 | ||
| 007 | ta | ||
| 008 | 091130s1987 dr a 001 0 spa d | ||
| 040 |
_aDO-SdBNP _bspa _cBNPHU |
||
| 082 | 4 |
_a150 _bR426p _222 |
|
| 110 | 1 |
_aRepública Dominicana. _bSecretaría de Estado de Educación, Bellas Artes y Cultos _923965 |
|
| 245 | 1 | 0 |
_aPsicología / _cAugusto C. González Pérez, Elpidio Rosa Sosa, Miriam A. Toribio S., Liliam M. Ureña Guzmán, Elbia Alt. Vargas M. ; coordinador, Antonia Mejía ; colaboradores, Carmen Monsanto, Lourdes Henríquez. |
| 264 |
_aSanto Domingo : _bDirección General de Medios Educativos, _c1987. |
||
| 300 |
_a188, xxiv páginas : _bilustraciones ; _c23 cm. |
||
| 504 | _aBibliografía : páginas 187-188 | ||
| 650 | 0 |
_aPsicología _9152 |
|
| 650 | 0 |
_aPsicopedagogía _91570 |
|
| 700 | 1 |
_aGonzález Pérez, Augusto C. _931230 |
|
| 700 | 1 |
_aRosa Sosa, Elpidio _931231 |
|
| 700 | 1 |
_aToribio S., Miriam A. _931232 |
|
| 700 | 1 |
_aUreña Guzmán, Liliam M. _931233 |
|
| 700 | 1 |
_aVargas M., Elbia Alt. _931234 |
|
| 700 | 1 |
_aMejía, Antonia, _ecoordinador _4coord. _931235 |
|
| 700 | 1 |
_aMontalvo, Carmen, _ecolaborador _4col. _931659 |
|
| 700 | 1 |
_aHenríquez, Lourdes, _ecolaborador _4col. _931660 |
|
| 942 |
_2ddc _cLBS1 |
||
| 999 |
_c13593 _d13593 |
||